Eurojargon (Record no. 103397)

MARC details
000 -LEADER
fixed length control field 00754cam a2200217 4500
001 - CONTROL NUMBER
control field L128470
008 - FIXED-LENGTH DATA ELEMENTS--GENERAL INFORMATION
fixed length control field 040318n2004 000 0 eng u
020 ## - INTERNATIONAL STANDARD BOOK NUMBER
International Standard Book Number 0948272937
035 ## - SYSTEM CONTROL NUMBER
System control number (Sirsi) u125470
041 ## - LANGUAGE CODE
Language code of text/sound track or separate title eng
050 ## - LIBRARY OF CONGRESS CALL NUMBER
Classification number 382.914203
-- 18
100 ## - MAIN ENTRY--PERSONAL NAME
Personal name Davies, Eric
245 ## - TITLE STATEMENT
Title Eurojargon
Remainder of title a dictionary of European Union acronyms, abbreviations and terminology
250 ## - EDITION STATEMENT
Edition statement 7th ed.
260 ## - PUBLICATION, DISTRIBUTION, ETC.
Place of publication, distribution, etc. Manchester
Name of publisher, distributor, etc. European Information Assocation
Date of publication, distribution, etc. 2004
300 ## - PHYSICAL DESCRIPTION
Extent vii,344p.
Dimensions 22cm.
350 ## - PRICE (NR) (BK AM CF MU VM SE) [OBSOLETE]
Price 50
520 ## - SUMMARY, ETC.
Summary, etc. Explains the meaning of more than 5 000 acronyms, abbreviations and sobriquets used across the European Union to identify European projects, schemes and agencies.
690 ## - LOCAL SUBJECT ADDED ENTRY--TOPICAL TERM (OCLC, RLIN)
Topical term or geographic name as entry element MANAGEMENT-BUSINESS MANAGEMENT
942 ## - ADDED ENTRY ELEMENTS (KOHA)
Suppress in OPAC 0
Holdings
Withdrawn status Lost status Source of classification or shelving scheme Damaged status Not for loan Home library Current library Shelving location Date acquired Cost, normal purchase price Total Checkouts Full call number Barcode Date last seen Copy number Cost, replacement price Price effective from Koha item type
    Dewey Decimal Classification     London London Books 05/05/2005 50.00   382.914203 DAV 30070582 06/08/2019 1 50.00 06/08/2019 Reference material